| 000 | 00475nam a2200181Ia 4500 | ||
|---|---|---|---|
| 005 | 20250326123940.0 | ||
| 008 | 250326s9999 xx 000 0 und d | ||
| 037 | _aTextbook | ||
| 040 |
_aFMSL _beng _cFMSL |
||
| 041 |
_aeng _2eng |
||
| 084 |
_aT4.73 K2 _qFMSL |
||
| 100 |
_aMillett J D _9736468 |
||
| 245 | 0 |
_aAcademic community _cMillett J D |
|
| 260 |
_aNY _bNY, McGraw-Hill _c1962 |
||
| 300 | _a265p | ||
| 942 |
_cTB _hT4.73 K2 |
||
| 999 |
_c1271613 _d1271613 |
||